Loading...
| Current Events | 1 | 20.00 | 100% | 100% | 0% |
| Fine Arts - Classical Music | 4 | 12.50 | 75% | 50% | 0% |
| Fine Arts - Other | 6 | 10.00 | 67% | 33% | 0% |
| Fine Arts - Painting and Sculpture | 5 | 18.00 | 100% | 80% | 0% |
| Geography | 1 | 10.00 | 100% | 0% | 0% |
| History - American | 4 | 17.50 | 100% | 75% | 0% |
| History - European | 7 | 20.00 | 86% | 86% | 29% |
| History - Other | 5 | 16.00 | 80% | 60% | 20% |
| History - World | 6 | 21.67 | 100% | 67% | 50% |
| Literature - American | 3 | 16.67 | 100% | 67% | 0% |
| Literature - British | 7 | 15.71 | 100% | 57% | 0% |
| Literature - European | 3 | 20.00 | 100% | 67% | 33% |
| Literature - World | 4 | 15.00 | 100% | 25% | 25% |
| Mythology | 5 | 20.00 | 100% | 60% | 40% |
| Other Academic | 2 | 10.00 | 100% | 0% | 0% |
| Philosophy | 6 | 20.00 | 100% | 67% | 33% |
| Pop Culture | 3 | 10.00 | 67% | 33% | 0% |
| Religion | 5 | 22.00 | 100% | 80% | 40% |
| Science - Biology | 4 | 12.50 | 100% | 25% | 0% |
| Science - Chemistry | 6 | 16.67 | 100% | 67% | 0% |
| Science - Other | 4 | 22.50 | 100% | 100% | 25% |
| Science - Physics | 4 | 17.50 | 100% | 75% | 0% |
| Social Science | 6 | 15.00 | 100% | 33% | 17% |